<?xml version="1.0" encoding="UTF-8"?>
<record
    xmlns:xsi="http://www.w3.org/2001/XMLSchema-instance"
    xsi:schemaLocation="http://www.loc.gov/MARC21/slim http://www.loc.gov/standards/marcxml/schema/MARC21slim.xsd"
    xmlns="http://www.loc.gov/MARC21/slim">

  <leader>00444nam a22001697a 4500</leader>
  <controlfield tag="003">SGT</controlfield>
  <datafield tag="020" ind1=" " ind2=" ">
    <subfield code="a">9789352500475</subfield>
  </datafield>
  <datafield tag="082" ind1=" " ind2=" ">
    <subfield code="a">610.7368</subfield>
    <subfield code="b">G23S</subfield>
  </datafield>
  <datafield tag="100" ind1=" " ind2=" ">
    <subfield code="a">SREEVANI, R. </subfield>
  </datafield>
  <datafield tag="245" ind1=" " ind2=" ">
    <subfield code="a">A GUIDE TO MENTAL HEALTH AND PSYCHIATRIC NURSING </subfield>
  </datafield>
  <datafield tag="250" ind1=" " ind2=" ">
    <subfield code="a">4TH</subfield>
  </datafield>
  <datafield tag="260" ind1=" " ind2=" ">
    <subfield code="a">INDIA </subfield>
    <subfield code="b">JAYPEE PUB </subfield>
    <subfield code="c">2023</subfield>
  </datafield>
  <datafield tag="300" ind1=" " ind2=" ">
    <subfield code="a">491</subfield>
  </datafield>
  <datafield tag="650" ind1=" " ind2=" ">
    <subfield code="a">MENTAL HEALTH NURSING </subfield>
  </datafield>
  <datafield tag="653" ind1=" " ind2=" ">
    <subfield code="a">A GUIDE TO MENTAL HEALTH AND PSYCHIATRIC NURSING </subfield>
  </datafield>
  <datafield tag="942" ind1=" " ind2=" ">
    <subfield code="2">ddc</subfield>
    <subfield code="c">BK</subfield>
    <subfield code="0">142</subfield>
  </datafield>
  <datafield tag="952" ind1=" " ind2=" ">
    <subfield code="0">0</subfield>
    <subfield code="1">0</subfield>
    <subfield code="2">ddc</subfield>
    <subfield code="4">0</subfield>
    <subfield code="7">0</subfield>
    <subfield code="8">NURSING</subfield>
    <subfield code="a">FM</subfield>
    <subfield code="b">FM</subfield>
    <subfield code="c">REF</subfield>
    <subfield code="d">2023-09-02</subfield>
    <subfield code="e">ABC DELHI</subfield>
    <subfield code="g">750.00</subfield>
    <subfield code="i">SGTU</subfield>
    <subfield code="l">12</subfield>
    <subfield code="o">610.7368 G23S</subfield>
    <subfield code="p">FN5151</subfield>
    <subfield code="q">2026-06-06</subfield>
    <subfield code="r">2026-05-23 08:59:48</subfield>
    <subfield code="s">2026-05-23</subfield>
    <subfield code="w">2023-06-20</subfield>
    <subfield code="y">BK</subfield>
    <subfield code="k">16927</subfield>
  </datafield>
  <datafield tag="952" ind1=" " ind2=" ">
    <subfield code="0">0</subfield>
    <subfield code="1">0</subfield>
    <subfield code="2">ddc</subfield>
    <subfield code="4">0</subfield>
    <subfield code="7">0</subfield>
    <subfield code="8">NURSING</subfield>
    <subfield code="a">FM</subfield>
    <subfield code="b">FM</subfield>
    <subfield code="c">TXT</subfield>
    <subfield code="d">2023-09-02</subfield>
    <subfield code="e">ABC DELHI</subfield>
    <subfield code="g">750.00</subfield>
    <subfield code="i">SGTU</subfield>
    <subfield code="l">59</subfield>
    <subfield code="o">610.7368 G23S</subfield>
    <subfield code="p">FN5152</subfield>
    <subfield code="q">2026-06-13</subfield>
    <subfield code="r">2026-05-30 08:38:25</subfield>
    <subfield code="s">2026-05-30</subfield>
    <subfield code="w">2023-06-20</subfield>
    <subfield code="y">BK</subfield>
    <subfield code="k">16927</subfield>
  </datafield>
  <datafield tag="952" ind1=" " ind2=" ">
    <subfield code="0">0</subfield>
    <subfield code="1">0</subfield>
    <subfield code="2">ddc</subfield>
    <subfield code="4">0</subfield>
    <subfield code="7">0</subfield>
    <subfield code="8">NURSING</subfield>
    <subfield code="a">FM</subfield>
    <subfield code="b">FM</subfield>
    <subfield code="c">TXT</subfield>
    <subfield code="d">2023-09-02</subfield>
    <subfield code="e">ABC DELHI</subfield>
    <subfield code="g">750.00</subfield>
    <subfield code="i">SGTU</subfield>
    <subfield code="l">55</subfield>
    <subfield code="o">610.7368 G23S</subfield>
    <subfield code="p">FN5153</subfield>
    <subfield code="q">2026-06-05</subfield>
    <subfield code="r">2026-05-22 14:18:06</subfield>
    <subfield code="s">2026-05-22</subfield>
    <subfield code="w">2023-06-20</subfield>
    <subfield code="y">BK</subfield>
    <subfield code="k">16927</subfield>
  </datafield>
  <datafield tag="952" ind1=" " ind2=" ">
    <subfield code="0">0</subfield>
    <subfield code="1">0</subfield>
    <subfield code="2">ddc</subfield>
    <subfield code="4">0</subfield>
    <subfield code="7">0</subfield>
    <subfield code="8">NURSING</subfield>
    <subfield code="a">FM</subfield>
    <subfield code="b">FM</subfield>
    <subfield code="c">TXT</subfield>
    <subfield code="d">2023-09-02</subfield>
    <subfield code="e">ABC DELHI</subfield>
    <subfield code="g">750.00</subfield>
    <subfield code="i">SGTU</subfield>
    <subfield code="l">67</subfield>
    <subfield code="m">1</subfield>
    <subfield code="o">610.7368 G23S</subfield>
    <subfield code="p">FN5154</subfield>
    <subfield code="q">2026-05-29</subfield>
    <subfield code="r">2026-05-15 00:00:00</subfield>
    <subfield code="s">2026-05-15</subfield>
    <subfield code="w">2023-06-20</subfield>
    <subfield code="y">BK</subfield>
    <subfield code="k">16927</subfield>
  </datafield>
  <datafield tag="952" ind1=" " ind2=" ">
    <subfield code="0">0</subfield>
    <subfield code="1">0</subfield>
    <subfield code="2">ddc</subfield>
    <subfield code="4">0</subfield>
    <subfield code="7">0</subfield>
    <subfield code="8">NURSING</subfield>
    <subfield code="a">FM</subfield>
    <subfield code="b">FM</subfield>
    <subfield code="c">TXT</subfield>
    <subfield code="d">2023-09-02</subfield>
    <subfield code="e">ABC DELHI</subfield>
    <subfield code="g">750.00</subfield>
    <subfield code="i">SGTU</subfield>
    <subfield code="l">62</subfield>
    <subfield code="m">3</subfield>
    <subfield code="o">610.7368 G23S</subfield>
    <subfield code="p">FN5155</subfield>
    <subfield code="q">2026-06-02</subfield>
    <subfield code="r">2026-05-19 00:00:00</subfield>
    <subfield code="s">2026-05-19</subfield>
    <subfield code="w">2023-06-20</subfield>
    <subfield code="y">BK</subfield>
    <subfield code="k">16927</subfield>
  </datafield>
  <datafield tag="999" ind1=" " ind2=" ">
    <subfield code="c">24921</subfield>
    <subfield code="d">24921</subfield>
  </datafield>
</record>
